| 000 | 00425nam a2200157Ia 4500 | ||
|---|---|---|---|
| 008 | 151213s9999 xx 000 0 und d | ||
| 020 | _apc00000036 | ||
| 100 | _aArthur Complan Pickett | ||
| 245 |
_aA. History of English Literature _cArthur Complan Pickett |
||
| 260 |
_aNew Delhi _bU S B P D _c1999 |
||
| 300 | _a5565 p. | ||
| 650 | _aEnglish | ||
| 650 | _aEnglish | ||
| 700 | _aArthur Complan Pickett | ||
| 999 |
_c3328 _d3328 |
||